LEADER 01209nam--2200385---450 001 990001625110203316 005 20211210122625.0 035 $a000162511 035 $aUSA01000162511 035 $a(ALEPH)000162511USA01 100 $a20040503d1985----km y1itay5003----ba 101 1 $aita$ceng 102 $aIT 200 1 $aFatti, ipotesi e previsioni$fNelson Goodman$gprefazione di Hilary Putnam 210 $aRoma [etc.]$cLaterza$d1985 215 $aXXVI, 147 p.$d18 cm 225 2 $aUniversale laterza$v670 300 $aTraduzione di Carlo Marletti 410 0$12001$aUniversale laterza$v670 454 1$12001$aFact, fiction and forecast$924675 606 0 $aInduzione$xSaggi$2BNCF 676 $a161 700 1$aGOODMAN,$bNelson$045145 702 1$aPUTNAM,$bHilary 702 1$aMARLETTI,$bCarlo 801 0$aIT$bsalbc$gISBD 912 $a990001625110203316 951 $aII.1.D. 87 (Varie Coll 9/670)$b16029 L.M.$cVarie Coll 951 $aII.1.D. 87a (Varie Coll 9/670 a)$b16054 L.M.$cVarie Coll 951 $aXV.17. 213 (F.V. GOO (258))$b2438 FIL$cXV.17.$d462372 959 $aBK 969 $aUMA 969 $aFVER 996 $aFact, fiction and forecast$924675 997 $aUNISA LEADER 00969nam a22002531i 4500 001 991001906359707536 005 20030503120837.0 008 030925s1921 it a||||||||||||||||ita 035 $ab12214371-39ule_inst 035 $aARCHE-026202$9ExL 040 $aBiblioteca Interfacoltà$bita$cA.t.i. Arché s.c.r.l. Pandora Sicilia s.r.l. 082 04$a270.2092 100 1 $aTonelli, Luigi$02014 245 10$aBeato Giovanni Colombini /$cLuigi Tonelli 260 $aTorino :$bSoc. Editrice Internazionale,$c1921 300 $a156 p., [1] c. di tav. :$bill. ;$c17 cm 440 3$aLe vite dei santi narrate ai giovani 650 4$aColombini, Giovanni (Beato) 907 $a.b12214371$b02-04-14$c08-10-03 912 $a991001906359707536 945 $aLE002 St. VI H 25$g1$iLE002-5723$lle002$o-$pE0.00$q-$rn$so $t0$u0$v0$w0$x0$y.i12594180$z08-10-03 996 $aBeato Giovanni Colombini$9155363 997 $aUNISALENTO 998 $ale002$b08-10-03$cm$da $e-$fita$git $h0$i1